000 00649nam a22002417a 4500
003 UA-OsUOA
001 27675
007 ta
008 20040910b un ||||| |||| 00| 0 ukr d
100 _aСеров О. М.
090 _a78:82.09
_bС-32
942 _cBK
040 _aUA-OsUOA
_bukr
_cUA-OsUOA
_dUA-OsUOA
245 _aВибранні статті
_cО. М. Серов; Упоряд. Т. ШефферУпоряд. Т.Шеффер
300 _a295 с.
_bІлюстрації
955 _a0
041 _aukr
080 _a78:82.09
260 _aКиїв
_bМистецтво
_c1954
044 _aUA
650 7 _2UDC
999 _c314025
_d314025